Guide to entrepreneurship (Record no. 174085)
[ view plain ]
| 000 -LEADER | |
|---|---|
| fixed length control field | 00346nam a2200145Ia 4500 |
| 008 - FIXED-LENGTH DATA ELEMENTS--GENERAL INFORMATION | |
| fixed length control field | 231217s9999 xx 000 0 und d |
| 041 ## - LANGUAGE CODE | |
| Language code of text/sound track or separate title | English |
| 082 ## - DEWEY DECIMAL CLASSIFICATION NUMBER | |
| Classification number | 658.42 OAT;1 R |
| 100 ## - MAIN ENTRY--PERSONAL NAME | |
| Personal name | Oates, David |
| 245 #0 - TITLE STATEMENT | |
| Title | Guide to entrepreneurship |
| 260 ## - PUBLICATION, DISTRIBUTION, ETC. | |
| Date of publication, distribution, etc. | 2004 |
| Name of publisher, distributor, etc. | Jaico |
| Place of publication, distribution, etc. | Mumbai |
| 300 ## - PHYSICAL DESCRIPTION | |
| Extent | 169 |
| 650 ## - SUBJECT ADDED ENTRY--TOPICAL TERM | |
| Topical term or geographic name entry element | entrepreneurship |
| 942 ## - ADDED ENTRY ELEMENTS (KOHA) | |
| Koha item type | Books |
| Date last seen | Total checkouts | Full call number | Accession number | Cost, total (INR) price | Price effective from | Category | Lost status | Damaged status | Department | Withdrawn status | Home library | Current library | Shelving location | Entry date | Vendor | Cost, normal purchase price | Grants | Billnumber | Billdate | Currency symbol | Conversion rate | Discount | Old discount |
|---|---|---|---|---|---|---|---|---|---|---|---|---|---|---|---|---|---|---|---|---|---|---|---|
| 26/01/2024 | 658.42 OAT;1 R | 32774 | 506.25 | 26/01/2024 | Books | Central Library | Central Library | Central Library | Central Library | 28/02/2005 | I K International | 675.00 | MBA | 1807 | 07/11/2007 | RS | 1 | 168.75 | 25 | ||||
| 26/01/2024 | 658.42 OAT;2 R1 | 32775 | 506.25 | 26/01/2024 | Books | Central Library | Central Library | Central Library | Central Library | 28/02/2005 | I K International | 675.00 | MBA | 1807 | 07/11/2007 | RS | 1 | 168.75 | 25 | ||||
| 26/01/2024 | 658.42 OAT;3 | 32776 | 506.25 | 26/01/2024 | Books | Central Library | Central Library | Central Library | Central Library | 28/02/2005 | I K International | 675.00 | MBA | 1807 | 07/11/2007 | RS | 1 | 168.75 | 25 | ||||
| 26/01/2024 | 658.42 OAT;4 | 32777 | 506.25 | 26/01/2024 | Books | Central Library | Central Library | Central Library | Central Library | 28/02/2005 | I K International | 675.00 | MBA | 1807 | 07/11/2007 | RS | 1 | 168.75 | 25 | ||||
| 26/01/2024 | 658.42 OAT;5 | 32778 | 506.25 | 26/01/2024 | Books | Central Library | Central Library | Central Library | Central Library | 28/02/2005 | I K International | 675.00 | MBA | 1807 | 11/07/2007 | RS | 1 | 168.75 | 25 |
